|
|
|
|
| LEADER |
01248nam a2200289 a 4500 |
| 001 |
1371432 |
| 008 |
110714r19981982njua b 001 0 eng d |
| 010 |
|
|
|a 81019164
|
| 020 |
|
|
|a 0134340019 (pbk.)
|
| 020 |
|
|
|a 8120303881
|
| 040 |
|
|
|a DLC
|c DLC
|d DLC
|d BD-DhAAL
|
| 082 |
0 |
0 |
|a 519.4
|2 19
|
| 100 |
1 |
|
|a Dromey, R. G.,
|d 1946-
|
| 245 |
1 |
0 |
|a How to solve it by computer /
|c by R.G. Dromey.
|
| 260 |
|
|
|a Englewood Cliffs, N.J. ;
|a New Delhi :
|b Prentice-Hall International,
|c c1982. [Twelfth printing]
|
| 300 |
|
|
|a xxi, 442 p. :
|b ill. ;
|c 23 cm.
|
| 490 |
0 |
|
|a Prentice-Hall International series in computer science
|
| 504 |
|
|
|a Includes bibliographies and index.
|
| 541 |
1 |
|
|e 00006804
|
| 650 |
|
0 |
|a Mathematics
|x Data processing.
|
| 650 |
|
0 |
|a Problem solving
|x Data processing.
|
| 650 |
|
0 |
|a Computer programming.
|
| 852 |
4 |
|
|a Ayesha Abed Library
|j General shelf
|
| 942 |
0 |
0 |
|0 4
|
| 999 |
|
|
|c 11086
|d 11086
|
| 952 |
|
|
|0 0
|1 0
|4 0
|6 519_400000000000000_DRO
|7 0
|9 17461
|a BRACUL
|b BRACUL
|c GEN
|d 2011-07-15
|l 33
|m 199
|o 519.4 DRO
|p 3010006804
|r 2020-02-09
|s 2020-01-15
|t 1
|w 2011-07-15
|y BK
|x Available
|
| 952 |
|
|
|0 0
|1 0
|4 0
|6 519_400000000000000_DRO
|7 0
|9 17462
|a BRACUL
|b BRACUL
|c GEN
|d 2011-07-15
|l 35
|m 243
|o 519.4 DRO
|p 3010006805
|r 2022-03-21
|s 2020-01-18
|t 2
|w 2011-07-15
|y BK
|x Available
|